[Event "EU-ch Online U2300 Qual"]
[Site "Chess.com INT"]
[Date "2020.05.25"]
[Round "5"]
[White "Santos, Luis M"]
[Black "Schekachikhin, Maksim"]
[Result "0-1"]
[WhiteElo "2269"]
[BlackElo "2406"]
[PlyCount "104"]
[EventDate "2020.05.25"]
[EventType "swiss"]
[EventRounds "8"]
[EventCountry "NET"]
[SourceTitle "EXT 2021"]
[Source "ChessBase"]
[SourceDate "2020.10.23"]
[SourceVersion "1"]
[SourceVersionDate "2020.10.23"]
[SourceQuality "1"]

1. c4 e6 2. Nc3 d5 3. d4 c6 4. Nf3 Nf6 5. Bg5 h6 6. Bh4 dxc4 7. e4 g5 8. Bg3 b5 9. h4 g4 10. Ne5 Rg8 11. Qc2 Bb7 12. 0-0-0 a6 13. h5 Nbd7 14. Bh4 Be7 15. f3 gxf3 16. gxf3 Qc7 17. Nxd7 Nxd7 18. Bxe7 Qf4+ 19. Qd2 Qxd2+ 20. Kxd2 Kxe7 21. Ke3 Rad8 22. Be2 Rg2 23. f4 Nf6 24. Rdf1 c5 25. dxc5 Nxe4 26. Nxe4 Rxe2+ 27. Kxe2 Bxe4 28. Rh3 Bg2 29. Ra3 Bxf1+ 30. Kxf1 Rc8 31. Rxa6 Rxc5 32. a4 bxa4 33. Rxa4 Kf6 34. Kf2 Rxh5 35. Rxc4 Rh2+ 36. Kg3 Rxb2 37. Rc5 Rd2 38. Kg4 Rd5 39. Rc8 h5+ 40. Kh4 Kf5 41. Rc4 Rd1 42. Kg3 Rg1+ 43. Kf2 Rd1 44. Kg3 f6 45. Ra4 Rd3+ 46. Kh4 Rf3 47. Ra5+ Kxf4 48. Kxh5 Rg3 49. Ra1 f5 50. Kh4 Rg8 51. Rf1+ Ke5 52. Re1+ Kf6 0-1

[Event "POR-chT"]
[Site "Torres Vedras"]
[Date "2011.07.29"]
[Round "7.6"]
[White "Santos, Luis M"]
[Black "Andres Gonzalez, Alberto"]
[Result "0-1"]
[WhiteElo "2369"]
[BlackElo "2506"]
[PlyCount "108"]
[EventDate "2011.07.23"]
[EventType "team-swiss"]
[EventRounds "9"]
[EventCountry "POR"]
[SourceTitle "CBM 143 Extra"]
[Source "ChessBase"]
[SourceDate "2011.08.29"]
[SourceVersion "1"]
[SourceVersionDate "2011.08.29"]
[SourceQuality "1"]
[WhiteTeam "Diana"]
[BlackTeam "TAP"]
[WhiteTeamCountry "POR"]
[BlackTeamCountry "POR"]

1. c4 e5 2. Nc3 Nc6 3. Nf3 Nf6 4. e4 Bc5 5. Nxe5 Nxe5 6. d4 Bb4 7. dxe5 Nxe4 8. Qf3 f5 9. Be2 Qe7 10. Bf4 b6 11. 0-0 Bxc3 12. bxc3 Bb7 13. Bd3 Nc5 14. Qe3 0-0 15. f3 Rae8 16. Rfe1 Qf7 17. Bf1 Re7 18. Qd2 Ba6 19. Qd4 Ne6 20. Qd2 Rfe8 21. Be3 f4 22. Bf2 Nf8 23. Re4 Ng6 24. Rd4 c5 25. Rd6 Bxc4 26. e6 Bxe6 27. a4 Bc4 28. a5 Bxf1 29. Rxf1 Ne5 30. axb6 Nc4 31. Qd3 Nxd6 32. Qxd6 axb6 33. Qxb6 Qc4 34. Qxc5 Qxc5 35. Bxc5 Re1 36. g3 fxg3 37. hxg3 R8e2 38. Rxe1 Rxe1+ 39. Kf2 Re6 40. g4 g6 41. Bd4 Kf7 42. Kg3 Re2 43. g5 Ke6 44. Kf4 Kd5 45. Kg4 Re8 46. Kf4 Rf8+ 47. Ke3 Rf5 48. f4 Rf8 49. Kf3 Re8 50. Bf6 Re6 51. Bg7 Re1 52. Bd4 Rh1 53. Be5 Rh3+ 54. Kg4 Re3 0-1

[Event "Extremadura-chT Honor"]
[Site "Badajoz"]
[Date "2011.01.15"]
[Round "2"]
[White "Figuero Toro, Julian Francisco"]
[Black "Santos, Luis M"]
[Result "1/2-1/2"]
[WhiteElo "2240"]
[BlackElo "2366"]
[PlyCount "60"]
[EventDate "2011.01.08"]
[EventType "team"]
[EventRounds "9"]
[EventCountry "ESP"]
[SourceTitle "EXT 2014"]
[Source "ChessBase"]
[SourceDate "2013.11.20"]
[SourceVersion "1"]
[SourceVersionDate "2013.11.20"]
[SourceQuality "1"]

1. e4 c5 2. Nf3 Nc6 3. d4 cxd4 4. Nxd4 Nf6 5. Nc3 d6 6. Bg5 e6 7. Qd2 a6 8. 0-0-0 h6 9. Nxc6 bxc6 10. Bf4 d5 11. Qe3 Be7 12. Be2 Nd7 13. exd5 cxd5 14. h4 Bb7 15. Kb1 Rc8 16. Rh3 Qb6 17. Qxb6 Nxb6 18. Be5 Bf6 19. Bxf6 gxf6 20. Rd4 Rg8 21. g4 Rc7 22. b3 Ke7 23. Kb2 Rd7 24. Na4 Rd6 25. Nxb6 Rxb6 26. Rc3 Rc6 27. Rxc6 Bxc6 28. f4 e5 29. fxe5 fxe5 30. Rd1 Rg6 1/2-1/2

[Event "POR SuperCup"]
[Site "Bombarral"]
[Date "2010.11.20"]
[Round "1.1"]
[White "Santos, Luis M"]
[Black "Korneev, Oleg"]
[Result "1/2-1/2"]
[WhiteElo "2363"]
[BlackElo "2582"]
[PlyCount "40"]
[EventDate "2010.11.20"]
[EventType "team-match"]
[EventRounds "1"]
[EventCountry "POR"]
[SourceTitle "EXT 2011"]
[Source "ChessBase"]
[SourceDate "2010.11.26"]
[SourceVersion "1"]
[SourceVersionDate "2010.11.26"]
[SourceQuality "1"]
[WhiteTeam "Diana"]
[BlackTeam "Gaia"]
[WhiteTeamCountry "POR"]
[BlackTeamCountry "POR"]

1. c4 e5 2. Nc3 Nf6 3. Nf3 Nc6 4. e4 Bb4 5. d3 d6 6. g3 a6 7. Bg2 Bc5 8. h3 h6 9. 0-0 0-0 10. Kh2 Rb8 11. a3 b5 12. b4 Ba7 13. Rb1 Nd4 14. Be3 c6 15. Bxd4 exd4 16. Ne2 c5 17. bxc5 dxc5 18. Nd2 bxc4 19. Nxc4 Rxb1 20. Qxb1 Be6 1/2-1/2

[Event "POR-chT 52nd"]
[Site "Vila Nova de Gaia"]
[Date "2010.08.01"]
[Round "9.2"]
[White "Santos, Luis M"]
[Black "Camacho Collados, Marcos"]
[Result "1/2-1/2"]
[WhiteElo "2365"]
[BlackElo "2292"]
[PlyCount "42"]
[EventDate "2010.07.24"]
[EventType "team-tourn"]
[EventRounds "9"]
[EventCountry "POR"]
[SourceTitle "EXT 2011"]
[Source "ChessBase"]
[SourceDate "2010.11.26"]
[SourceVersion "1"]
[SourceVersionDate "2010.11.26"]
[SourceQuality "1"]
[WhiteTeam "Diana"]
[BlackTeam "Faro"]
[WhiteTeamCountry "POR"]
[BlackTeamCountry "POR"]

1. c4 Nf6 2. Nc3 g6 3. e4 d6 4. d4 Bg7 5. Nf3 0-0 6. h3 e5 7. dxe5 dxe5 8. Qxd8 Rxd8 9. Bg5 Na6 10. Nd5 Rd6 11. Bxf6 Bxf6 12. 0-0-0 Nc5 13. Bd3 c6 14. Nxf6+ Rxf6 15. Bc2 Be6 16. Rd2 Bxc4 17. b3 Be6 18. Nxe5 Rc8 19. f3 Bxh3 20. Nxf7 Rxf7 21. Rxh3 a5 1/2-1/2

[Event "POR-chT 52nd"]
[Site "Vila Nova de Gaia"]
[Date "2010.07.29"]
[Round "6.4"]
[White "Santos, Luis M"]
[Black "Ramos, Vasco Miguel de Mat"]
[Result "1-0"]
[WhiteElo "2365"]
[BlackElo "1927"]
[PlyCount "85"]
[EventDate "2010.07.24"]
[EventType "team-tourn"]
[EventRounds "9"]
[EventCountry "POR"]
[SourceTitle "EXT 2011"]
[Source "ChessBase"]
[SourceDate "2010.11.26"]
[SourceVersion "1"]
[SourceVersionDate "2010.11.26"]
[SourceQuality "1"]
[WhiteTeam "Diana"]
[BlackTeam "Barreirense"]
[WhiteTeamCountry "POR"]
[BlackTeamCountry "POR"]

1. c4 e5 2. Nc3 Nf6 3. Nf3 d6 4. d4 Nbd7 5. e4 Be7 6. Be2 0-0 7. 0-0 Re8 8. Re1 c6 9. Rb1 Bf8 10. d5 Nc5 11. Bf1 a5 12. h3 h6 13. b3 Nh7 14. a3 f5 15. exf5 Bxf5 16. Rb2 Nf6 17. Be3 Qe7 18. b4 axb4 19. axb4 Nce4 20. Nxe4 Bxe4 21. dxc6 bxc6 22. Nd2 Bg6 23. b5 d5 24. cxd5 cxd5 25. b6 Qb7 26. Qf3 Bf7 27. Rc1 Rec8 28. Rxc8 Rxc8 29. Bxh6 gxh6 30. Qxf6 Rc6 31. Ba6 Rc1+ 32. Kh2 Qxa6 33. Nf3 e4 34. Ne5 Qb7 35. Rb3 Bg7 36. Rg3 Bh5 37. Qxh6 Rb1 38. Qxh5 Rxb6 39. Qe8+ Kh7 40. Nd7 Rh6 41. Qe7 Qb2 42. Rg5 Qd4 43. Ne5 1-0

[Event "POR-chT 52nd"]
[Site "Vila Nova de Gaia"]
[Date "2010.07.26"]
[Round "3.2"]
[White "Hammes, Michael"]
[Black "Santos, Luis M"]
[Result "1-0"]
[WhiteElo "2388"]
[BlackElo "2365"]
[PlyCount "107"]
[EventDate "2010.07.24"]
[EventType "team-tourn"]
[EventRounds "9"]
[EventCountry "POR"]
[SourceTitle "EXT 2011"]
[Source "ChessBase"]
[SourceDate "2010.11.26"]
[SourceVersion "1"]
[SourceVersionDate "2010.11.26"]
[SourceQuality "1"]
[WhiteTeam "Albufeira"]
[BlackTeam "Diana"]
[WhiteTeamCountry "POR"]
[BlackTeamCountry "POR"]

1. d4 c5 2. d5 g6 3. e4 d6 4. c4 e5 5. Nc3 h5 6. Be2 Bh6 7. Nf3 Kf8 8. 0-0 Kg7 9. Ne1 Nd7 10. Nd3 Qe7 11. a3 Bxc1 12. Qxc1 Ngf6 13. Qd2 Nb6 14. b3 Bd7 15. a4 a5 16. f4 exf4 17. Rxf4 Nh7 18. Raf1 f6 19. Qe1 Rhg8 20. Qg3 Kh8 21. R4f2 Rg7 22. Qe3 Re8 23. Qh6 Kg8 24. Rf3 Bg4 25. Rg3 Bxe2 26. Nxe2 Ng5 27. h4 Nf7 28. Qe3 Qxe4 29. Qxe4 Rxe4 30. Nef4 Kh7 31. Ne6 Rxh4 32. Rxf6 Nd7 33. Rgxg6 Rg4 34. Rxg4 hxg4 35. Rf1 Nde5 36. Nxe5 Nxe5 37. Nxg7 Kxg7 38. Kh2 Kg6 39. Rf8 Kg7 40. Rb8 Kf6 41. Rxb7 Nd3 42. Rb5 Nc1 43. Kg3 Ke5 44. Kxg4 Kd4 45. Kf5 Kc3 46. g4 Nxb3 47. Rxb3+ Kxb3 48. g5 Kxa4 49. g6 Kb3 50. g7 a4 51. g8Q a3 52. Qb8+ Kxc4 53. Qxd6 a2 54. Qe5 1-0

[Event "POR-chT 52nd"]
[Site "Vila Nova de Gaia"]
[Date "2010.07.25"]
[Round "2.2"]
[White "Santos, Luis M"]
[Black "Castro, Fernando"]
[Result "1-0"]
[WhiteElo "2365"]
[BlackElo "2099"]
[PlyCount "65"]
[EventDate "2010.07.24"]
[EventType "team-tourn"]
[EventRounds "9"]
[EventCountry "POR"]
[SourceTitle "EXT 2011"]
[Source "ChessBase"]
[SourceDate "2010.11.26"]
[SourceVersion "1"]
[SourceVersionDate "2010.11.26"]
[SourceQuality "1"]
[WhiteTeam "Diana"]
[BlackTeam "Amiguinhos"]
[WhiteTeamCountry "POR"]
[BlackTeamCountry "POR"]

1. c4 Nf6 2. Nc3 c5 3. Nf3 Nc6 4. d4 cxd4 5. Nxd4 a6 6. g3 Qb6 7. Nb3 d6 8. Bg2 e6 9. Bf4 Ng4 10. 0-0 Nge5 11. Ne4 Qd8 12. Qc2 f5 13. Ned2 Be7 14. e4 0-0 15. exf5 exf5 16. Nf3 Ng6 17. Bd2 Bf6 18. Rfe1 Bd7 19. Bc3 Bxc3 20. Qxc3 Qf6 21. Rad1 Rac8 22. c5 Nd8 23. Rxd6 Qxc3 24. bxc3 Ba4 25. Nfd4 f4 26. Be4 Nh8 27. Bd5+ Nhf7 28. Re7 fxg3 29. hxg3 Bc6 30. Nxc6 bxc6 31. Bc4 Rb8 32. Rdd7 Kh8 33. Bxf7 1-0

[Event "POR-chT 52nd"]
[Site "Vila Nova de Gaia"]
[Date "2010.07.24"]
[Round "1.1"]
[White "Santos, Luis M"]
[Black "Pintor, Ariana Maciel Abran"]
[Result "1/2-1/2"]
[WhiteElo "2365"]
[BlackElo "2106"]
[PlyCount "146"]
[EventDate "2010.07.24"]
[EventType "team-tourn"]
[EventRounds "9"]
[EventCountry "POR"]
[SourceTitle "EXT 2011"]
[Source "ChessBase"]
[SourceDate "2010.11.26"]
[SourceVersion "1"]
[SourceVersionDate "2010.11.26"]
[SourceQuality "1"]
[WhiteTeam "Diana"]
[BlackTeam "Porto"]
[WhiteTeamCountry "POR"]
[BlackTeamCountry "POR"]

1. c4 Nf6 2. Nc3 g6 3. e4 d6 4. d4 Bg7 5. Nf3 0-0 6. h3 e5 7. dxe5 dxe5 8. Qxd8 Rxd8 9. Bg5 c6 10. Nxe5 Re8 11. 0-0-0 Na6 12. Nf3 Nc5 13. e5 Nfd7 14. Bf4 Nxe5 15. Nxe5 Bxe5 16. Bxe5 Rxe5 17. Rd8+ Kg7 18. Be2 Ne6 19. Re8 f6 20. Re7+ Kf8 21. Rxh7 Nf4 22. Rd1 Be6 23. Bf3 Rb8 24. Rh8+ Bg8 25. Rd7 g5 26. Rh6 Re1+ 27. Kd2 Re6 28. Bg4 f5 29. Rh5 Nxh5 30. Bxh5 a6 31. b3 Re7 32. Rd6 Bf7 33. Bf3 Kg7 34. c5 a5 35. Na4 Rbe8 36. Nb2 Re1 37. Nd1 R8e7 38. Ne3 R7xe3 39. fxe3 Ra1 40. Rd7 Kf6 41. Rxb7 Rxa2+ 42. Kc3 a4 43. bxa4 Rxa4 44. Rb4 Ra1 45. Rb6 Rc1+ 46. Kd4 Rc4+ 47. Kd3 Rxc5 48. Bxc6 Ke5 49. Bf3 Ra5 50. Rb2 Ra3+ 51. Ke2 Bc4+ 52. Kf2 Ra2 53. Rxa2 Bxa2 54. Kg3 Be6 55. Bc6 Bc8 56. h4 gxh4+ 57. Kxh4 Be6 58. Kg3 Bb3 59. Kf3 Bd1+ 60. Kf2 Bc2 61. Ke2 Bb3 62. Bb5 Bd5 63. g3 Be4 64. Bd3 Bd5 65. Kd2 Be6 66. Kc3 Bd5 67. Kb4 Be4 68. Kc4 Bd5+ 69. Kc5 Bb7 70. Bc2 Be4 71. Bd1 Bb7 72. Bc2 Be4 73. Bxe4 Kxe4 1/2-1/2

[Event "Extremadura-chT Honor"]
[Site "Merida"]
[Date "2010.03.20"]
[Round "3"]
[White "Santos, Luis M"]
[Black "Hernandez Carmenates, Holden"]
[Result "0-1"]
[WhiteElo "2382"]
[BlackElo "2541"]
[PlyCount "28"]
[EventDate "2010.03.06"]
[EventType "team"]
[EventRounds "9"]
[EventCountry "ESP"]
[SourceTitle "EXT 2014"]
[Source "ChessBase"]
[SourceDate "2013.11.20"]
[SourceVersion "1"]
[SourceVersionDate "2013.11.20"]
[SourceQuality "1"]

1. c4 Nf6 2. Nc3 e5 3. Nf3 Nc6 4. e4 Bb4 5. d3 d6 6. g3 0-0 7. Bg2 Bg4 8. h3 Bxf3 9. Qxf3 Nd4 10. Qd1 c6 11. 0-0 Nd7 12. Kh2 a6 13. a3 Ba5 14. b4 Bc7 0-1

[Event "Barreiro Mestres"]
[Site "Barreiro"]
[Date "2006.11.21"]
[Round "8"]
[White "Santos, Luis M"]
[Black "Galego, Luis"]
[Result "1/2-1/2"]
[WhiteElo "2368"]
[BlackElo "2533"]
[PlyCount "104"]
[EventDate "2006.11.14"]
[EventType "tourn"]
[EventRounds "9"]
[EventCountry "POR"]
[EventCategory "6"]
[SourceTitle "CBM 115 Extra"]
[Source "ChessBase"]
[SourceDate "2007.01.10"]
[SourceVersion "1"]
[SourceVersionDate "2007.01.10"]
[SourceQuality "1"]

1. c4 Nf6 2. Nc3 c5 3. Nf3 d6 4. d4 cxd4 5. Nxd4 e6 6. g3 a6 7. Bg2 Qc7 8. Qd3 Nbd7 9. b3 Be7 10. 0-0 0-0 11. Bb2 Ne5 12. Qd2 Bd7 13. Rac1 Rac8 14. Rfd1 Rfd8 15. e4 Qb8 16. Qe2 Nc6 17. Nc2 Na5 18. Nd4 Bf8 19. Rd2 Nc6 20. Nc2 Na5 21. Nd4 Nc6 22. Nxc6 Bxc6 23. Rcd1 Ne8 24. a4 Qc7 25. Qe3 Be7 26. Ne2 b5 27. axb5 axb5 28. cxb5 Bxb5 29. Nd4 Bd7 30. Bf1 Rb8 31. Bc4 Qb7 32. f4 Nf6 33. Re2 Rdc8 34. e5 dxe5 35. Qxe5 Bc5 36. h3 Bb6 37. Kh2 Rc5 38. Qe3 Rh5 39. Qf3 Qc7 40. Nxe6 Bxe6 41. Rxe6 fxe6 42. Bxf6 Ra5 43. Be5 Rxe5 44. fxe5 Qxe5 45. Rf1 h5 46. h4 Bc7 47. Rf2 Kh8 48. Re2 Qf5 49. Qxf5 exf5 50. Re7 Bd6 51. Rd7 Rb6 52. Bf7 g6 1/2-1/2

[Event "Barreiro Mestres"]
[Site "Barreiro"]
[Date "2006.11.17"]
[Round "4"]
[White "Santos, Luis M"]
[Black "Damaso, Rui"]
[Result "1-0"]
[WhiteElo "2368"]
[BlackElo "2449"]
[PlyCount "43"]
[EventDate "2006.11.14"]
[EventType "tourn"]
[EventRounds "9"]
[EventCountry "POR"]
[EventCategory "6"]
[SourceTitle "CBM 115 Extra"]
[Source "ChessBase"]
[SourceDate "2007.01.10"]
[SourceVersion "1"]
[SourceVersionDate "2007.01.10"]
[SourceQuality "1"]

1. c4 e5 2. Nc3 Nf6 3. Nf3 Nc6 4. e4 Nd4 5. Nxe5 d5 6. cxd5 Bc5 7. d3 c6 8. dxc6 0-0 9. Nd7 Nxd7 10. cxd7 Bxd7 11. Be3 f5 12. Be2 f4 13. Bxd4 Bxd4 14. 0-0 Qh4 15. Qb3+ Kh8 16. Qd5 Bxc3 17. bxc3 Rad8 18. Qh5 Qe7 19. Rfe1 Be8 20. Qf3 Rd6 21. d4 Rh6 22. e5 1-0

[Event "Barreiro Mestres"]
[Site "Barreiro"]
[Date "2006.11.14"]
[Round "1"]
[White "Santos, Luis M"]
[Black "Pina, Vladimiro"]
[Result "1-0"]
[WhiteElo "2368"]
[BlackElo "2253"]
[PlyCount "73"]
[EventDate "2006.11.14"]
[EventType "tourn"]
[EventRounds "9"]
[EventCountry "POR"]
[EventCategory "6"]
[SourceTitle "CBM 115 Extra"]
[Source "ChessBase"]
[SourceDate "2007.01.10"]
[SourceVersion "1"]
[SourceVersionDate "2007.01.10"]
[SourceQuality "1"]

1. c4 f5 2. g3 Nf6 3. Bg2 e6 4. Nh3 Be7 5. d4 0-0 6. Nc3 Qe8 7. e4 fxe4 8. Nxe4 Nc6 9. 0-0 d6 10. Nf4 e5 11. dxe5 Nxe5 12. Ng5 Bd8 13. c5 h6 14. Qb3+ d5 15. Nxd5 Nxd5 16. Qxd5+ Kh8 17. Re1 Rf5 18. Rxe5 Rxe5 19. Qxe5 Qd7 20. Nf3 Bf6 21. Qe2 a5 22. Bf4 Qa4 23. c6 Qxc6 24. Rc1 Qe6 25. Qxe6 Bxe6 26. Rxc7 Rd8 27. h4 Bxb2 28. Rxb7 Bc3 29. a4 Rd1+ 30. Kh2 Ra1 31. Ne5 Rxa4 32. Ng6+ Kg8 33. Rb8+ Kf7 34. h5 Ba2 35. Bh3 Bb4 36. Rb7+ Ke8 37. Bd7+ 1-0